000 00265nam a22001217a 4500
008 171014b xxu||||| |||| 00| 0 eng d
041 _aeng
080 _a330.101.541
100 _a52
101 _aMAK
245 _aMACROECONOMICS
_cFARMER, R.E.A
942 _2udc
_cBK
999 _c33861
_d33861